Statistics for Vocabulary starting with D

Click here to take the quiz!

General Stats

  • This quiz has been taken 28 times
  • The average score is 26 of 30

Answer Stats

HINTANSWER% Correct
What physical activity often accompanied by music involves a series of rhythmic and patterned movements of the body?Dance
100%
What precious stone is often used in jewelry and is known for its brilliance and hardness?Diamond
100%
What precious stone is often used in jewelry and is known for its brilliance and hardness?Diamond
100%
What medical professional is trained to treat and prevent illnesses and injuries?Doctor
100%
What four-legged animal is often kept as a pet and is known for its loyalty to humans?Dog
100%
What toy typically represents a human or animal figure and is often made of plastic or cloth?Doll
100%
What unit of currency is used in several countries, including the United States, Canada, and Australia?Dollar
100%
What sweet, ring-shaped pastry is often fried and topped with glaze or icing?Donut
100%
What mythical creature typically depicted as a large, fire-breathing lizard has captured the human imagination for centuries?Dragon
100%
What mental activity typically occurs during sleep and involves a series of images, sensations, and emotions?Dream
100%
What percussion instrument typically played with sticks or hands produces a deep, resonant sound?Drum
100%
What piece of furniture typically used for work or study has a flat surface and often drawers or compartments for storage?Desk
95%
What reference book typically contains an alphabetical list of words with definitions and often other information?Dictionary
95%
What prehistoric reptile is known for its size, strength, and sharp teeth?Dinosaur
95%
What small, typically white or gray bird is often used as a symbol of peace?Dove
95%
What waterbird is known for its broad, flat bill and webbed feet?Duck
95%
What article of clothing typically worn by women or girls covers the body from the shoulders to the waist or hips?Dress
86%
What absence or deficiency of light typically occurs during the night or in enclosed spaces?Darkness
81%
What movable barrier used to block off an entrance typically swings on hinges or slides?Door
81%
What large, antlered mammal is often hunted for its meat and hide?Deer
76%
What medical professional is trained to diagnose and treat problems with teeth and gums?Dentist
76%
What document typically awarded by an educational institution attests to the completion of a course of study?Diploma
76%
What flowering plant typically with a yellow center and white petals is often used as a symbol of purity or innocence?Daisy
71%
What object typically used for serving or eating food is usually made of ceramic, glass, or plastic?Dish
71%
What colorful flying insect typically found near bodies of water is known for its large, multifaceted eyes and slender body?Dragonfly
67%
What activity typically involves operating a vehicle or machine on a road or other public thoroughfare?Drive
67%
What handheld weight typically used for strength training is often made of metal or rubber?Dumbbell
67%
What small pointed missile typically thrown by hand is often used in a game of skill or competition?Dart
62%
What physical activity typically involves jumping or diving headfirst into water?Dive
62%
What liquid typically consumed for its taste or thirst-quenching properties is often served cold?Drink
57%

Score Distribution

Percentile by Number Answered

Percent of People with Each Score

Your Score History

You have not taken this quiz